000 01937cam a2200133 4500500
005 20260405085542.0
041 _afre
042 _adc
100 1 0 _aPellé, Arlette
_eauthor
245 0 0 _aLe cerveau et l'inconscient : Neurosciences et psychanalyse
260 _bArmand Colin,
_c2015.
520 _aD’un côté, les neurosciences et le cerveau, et, de l’autre, la psychanalyse et le sujet. Deux disciplines, habituellement fermées l’une à l’autre, voire antagonistes, deux logiques qui s’affrontent, celle de la rationalité scientifique et celle des lois du langage, et deux visions de l’humain ? Les réserves émises par les neuroscientifiques eux-mêmes quant à leurs avancées et leur reconnaissance de la complexité du cerveau passent inaperçues car les effets d’annonce largement médiatisés de ces travaux font émerger la figure d’un humain « neuro-enchanté ». Ce scientisme exerce une telle fascination que l’inconscient freudien passe alors pour un obscurantisme. Pourtant la science du cerveau (neurosciences) et la science du sujet (psychanalyse) ne peuvent pas s’ignorer. De Kandel à Damasio, de Edelman et Tononi à Naccache, la reconnaissance de l’œuvre freudienne est unanime. Les savoirs et les technologies peuvent-ils fabriquer un nouvel humain, ni homme ni machine, hybride de systèmes électroniques et de corps biologique ? L’expérience subjective, les faits psychiques sont-ils rapportables à l’activité cérébrale, à la vie de la matière ? Cet ouvrage montre que la psychanalyse joue le rôle de limite à la tentative d’objectivation de l’humain mais que des chemins s’ouvrent pour trouver des connexions entre la science du cerveau et la science du sujet sans que l’un ou l’autre champ de savoir y perde sa spécificité.
856 4 1 _uhttps://shs.cairn.info/le-cerveau-et-l-inconscient--9782200601393?lang=fr&redirect-ssocas=7080
999 _c2198459
_d2198459